| 000 -LEADER | |
|---|---|
| fixed length control field | 00353nam a22001457a 4500 |
| 020 ## - INTERNATIONAL STANDARD BOOK NUMBER | |
| ISBN | 1559344113 |
| 050 ## - LIBRARY OF CONGRESS CALL NUMBER | |
| Classification number | JC575 |
| 100 ## - MAIN ENTRY--AUTHOR NAME | |
| Personal name | MANNING, Rita C. and TRUJILLO,Rene |
| 245 ## - TITLE STATEMENT | |
| Title | Social Justice in a diverse society |
| 260 ## - PUBLICATION, DISTRIBUTION, ETC. (IMPRINT) | |
| Place of publication | California |
| Name of publisher | Mayfield publishing |
| Year of publication | 1996 |
| 300 ## - PHYSICAL DESCRIPTION | |
| Number of Pages | 553p |
| 650 ## - SUBJECT ADDED ENTRY--TOPICAL TERM | |
| Topical Term | social justice |
| 942 ## - ADDED ENTRY ELEMENTS (KOHA) | |
| Koha item type | Books |
| 988 ## - PAGINATION/EXTENT | |
| PAGINATION/EXTENT | v,553p |
| Koha item type | Collection code | Accession Number | Permanent Location | Current Location | Date acquired | Full call number |
|---|---|---|---|---|---|---|
| Books | Lending | 2621 | Chapman Library | Chapman Library | 2017-02-07 | JC575man |
| Books | Lending | 2622 | Chapman Library | Chapman Library | 2017-02-07 | JC575man |

